Countries that Beat Kazakhstan - Statistics

General Stats
  • This quiz has been taken 949 times
  • The average score is 10 of 15
Answer Stats
Rank Category Countries % Correct
4 Biggest Asian country by area Russia | China | India
100%
11 Lowest population density Mongolia | Namibia | Australia | Suriname | Iceland | Guyana | Libya | Mauritania | Botswana | Canada
95%
5 Longest border with China Mongolia | Russia | India | Myanmar
89%
5 Most people from Turkic descent Turkey | Uzbekistan | Iran | Russia
88%
9 Highest % of the population that died during WWII [2] Belarus | Poland | Ukraine | Nauru | Lithuania | Russia | Latvia | East Timor
82%
2 Has the most Russian people * other than Russia itself Ukraine
82%
3 (t) Longest international border Canada | United States
81%
10 Most populous landlocked country Ethiopia | Uganda | Afghanistan | Uzbekistan | Nepal | Niger | Burkina Faso | Mali | Malawi
76%
10 Furthest from the ocean Kyrgyzstan | Tajikistan | Uzbekistan | Rwanda | Burundi | Turkmenistan | South Sudan | Uganda | Chad
75%
2 Most populous country starting with K Kenya
68%
3 Produce the most desalinate water [1] Saudi Arabia | United Arab Emirates
51%
2 (t) Most official languages in Asia Singapore
49%
4 Most recent to change capital Burundi | Palau | Myanmar
34%
2 Most uranium reserves [3] Australia
23%
2 Whose flag has the highest % of blue Fed. States of Micronesia
20%
No matching quizzes found
Score Distribution
Percent of People with Each Score
Percentile by Number Answered
Your Score History
You have not taken this quiz